Central Library OPAC University of Rajshahi

Basic statistics : (Record no. 51654)

MARC details
000 -LEADER
fixed length control field 00891nam a2200265 a 4500
001 - CONTROL NUMBER
control field 51654
003 - CONTROL NUMBER IDENTIFIER
rucl marc code BD-RjUL
005 - DATE AND TIME OF LATEST TRANSACTION
control field 20211209075708.0
008 - FIXED-LENGTH DATA ELEMENTS--GENERAL INFORMATION
fixed length control field 160109r19661964nyua b 001 0 engm
035 ## - SYSTEM CONTROL NUMBER
System control number (BD-RjUL) 51774
040 ## - CATALOGING SOURCE
Original cataloging agency DLC/ICU
Transcribing agency CGU
Modifying agency m.c.
-- BD-RjUL
Language of cataloging eng
041 ## - LANGUAGE CODE
Language code of text/sound track or separate title eng
082 ## - DEWEY DECIMAL CLASSIFICATION NUMBER
Edition number 23
Classification number 519.5
Author mark and year DUB 1966
100 1# - MAIN ENTRY--PERSONAL NAME
Personal name Dunn, Olive Jean.
9 (RLIN) 154409
245 10 - TITLE STATEMENT
Title Basic statistics :
Remainder of title a primer for the biomedical sciences /
260 ## - PUBLICATION, DISTRIBUTION, ETC. (IMPRINT)
Place of publication, distribution, etc. New York :
Name of publisher, distributor, etc. J. Wiley,
Date of publication, distribution, etc. 1964 [printing 1966]
300 ## - PHYSICAL DESCRIPTION
Pagination xiii, 184 p. :
Illustrations ill. ;
Size 24 cm.
490 1# - SERIES STATEMENT
Series statement Series on quantitative methods for biologists and medical scientists
500 ## - GENERAL NOTE
General note Includes index
504 ## - BIBLIOGRAPHY, ETC. NOTE
Bibliography, etc Bibliographical footnotes.
650 #0 - SUBJECT ADDED ENTRY--TOPICAL TERM
Topical term or geographic name as entry element Medical statistics.
9 (RLIN) 140990
Topical term or geographic name as entry element Biometry.
9 (RLIN) 154410
830 #0 - SERIES ADDED ENTRY--UNIFORM TITLE
Uniform title Series on quantitative methods for biologists and medical scientists.
942 ## - ADDED ENTRY ELEMENTS (KOHA)
Source of classification or shelving scheme Dewey Decimal Classification
Koha item type Books
Holdings
Lost status Source of classification or shelving scheme Damaged status Not for loan Collection code Permanent Location Current Location Shelving location Date acquired Source of acquisition Cost, normal purchase price Total Checkouts Full call number Date last seen Copy number Koha item type
  Dewey Decimal Classification     Non-fiction Central Library, University of Rajshahi Central Library, University of Rajshahi   11/12/1967 Book view, Dhaka 37050.00   519.5 DUB 1966 01/09/2016 C-2 Books
  Dewey Decimal Classification   Not For Loan Non-fiction Central Library, University of Rajshahi Central Library, University of Rajshahi Reading Room 11/12/1967 Book View, Dhaka 37.50   519.5 DUB 1966 13/04/2017 C-1 Books